LEADER 01229nam a2200253 4500 001 000000347517 003 CaOOAMICUS 005 20230502144844.0 008 210830s1824 it 000 u ita r 026 $ee'i, s-la n-u- sile (3) 1824 (R) 040 $aSeMil$bita 245 00$aIstruzione pratica per i confessori novelli che si vanno disponendo all'esercizio di questo salutare ministero. 264 1$aUdine :$bPei Fratelli Matiuzzi,$c1824. 300 $a44 p., [4] p. ;$c8° 500 $aSegn.: [1]? 2? 3? [4]² 700 1 $aSalvatori, Filippo Maria,$cdella Compagnia di Gesł.$0(OLS)http://semarc/name/25634 710 0 $aMattiuzzi$c.$0(OLS)http://semarc/name/117503 850 $aSeMil 852 $aSeMil$W1$xVenegono$y1$m5A VI 7/5$j228236$B238589$CSeMilBibl$Z2$F238589 $8I 961 $aRecupero da Biblioteca Mantegazza Seminario di Milano 961 $aTimbro della Biblioteca Mantegazza del Seminario di Milano 996 $6245$aIstruzione pratica per i confessori novelli che si vanno disponendo all'esercizio di questo salutare ministero$9(OLS)http://semarc/title/436807 996 $6264$aUdine :$bPei Fratelli Matiuzzi$9(OLS)http://semarc/publisher/60069 LEADER 01318nam a2200253 i 4500 001 000000189891 003 CaOOAMICUS 005 20100520000000.0 008 100520s2010 it u000 u ita u 013 $a168203 020 $a978-88-6146-028-7 040 $aSeMil$bita 100 1 $aMilanesi, Arturo.$0(OLS)http://semarc/name/69446 245 12$aL'emigrazione italiana, 1876-1976 :$bcon riferimenti agli apporti sociali e religiosi di donne e uomini bresciani /$cArturo Milanesi ; interviste, testimonianze e note biografiche a cura di Angela Cukjati. 260 $aBrescia :$bFondazione Opera Diocesana san Francesco di Sales,$cstampa 2010. 300 $a199 p. :$bill. ;$c24 cm. 650 4$aEmigrazione italiana.$0(OLS)http://semarc/subject/8821 700 1 $aCukjati, Angela.$0(OLS)http://semarc/name/69447 850 $aSeMil 852 $aSeMil$W1$xVenegono$y1$m3N V 554$j140522$B140522$CSeMilBibl$Z2$F152268 $81 961 $aOmaggio: Delpini mons. Mario 996 $6020$a978-88-6146-028-7$9(OLS)http://semarc/number/180662 996 $6245$aL'emigrazione italiana, 1876-1976 :$bcon riferimenti agli apporti sociali e religiosi di donne e uomini bresciani$9(OLS)http://semarc/title/273473 996 $6260$aBrescia :$bFondazione Opera Diocesana san Francesco di Sales$9(OLS)http://semarc/publisher/50177